Statistics for Breaking Bad Trivia #P

Click here to take the quiz!

General Stats

  • This quiz has been taken 50 times
  • The average score is 11 of 15

Answer Stats

HintAnswer% Correct
Jesses surnamePinkman
97%
Walt throws this onto a roofPizza
97%
Walt produces a product, that is >99% __Pure
94%
Maries favorite colorPurple
94%
Jesses ActorAaron Paul
92%
Skyler finds out, that Walt has a second __Phone
92%
Skinny Pete is able to play this instrumentPiano
83%
Hydrofluoric Acid burns through everything, except __Plastic
83%
Walt ordered to kill nine guys in __Prison
83%
Mikes former job titlePolice Officer
72%
Walt wins this game on a family nightPoker
69%
Game, Jesse plays with a childPeekaboo
56%
When first meeting Badger, Saul mistakenly thinks he did thisPublic Masturbation
42%
Janes birthplacePhoenix
39%
Walt and Jesse no longer need this hard to get product,
since they now use methylamine
Pseudo
33%

Score Distribution

Percentile by Number Answered

Percent of People with Each Score

Your Score History

You have not taken this quiz